Big data: análisis de grandes volúmenes de datos en organizaciones
Gardado en:
| Autor Principal: | |
|---|---|
| Formato: | Libro |
| Idioma: | Lingua castelá |
| Publicado: |
Ciudad de México, México
Alfaomega
2013
|
| Edición: | 1a. ed |
| Series: | Tecnología
|
| Subjects: | |
| Tags: |
Engadir etiqueta
Sen Etiquetas, Sexa o primeiro en etiquetar este rexistro!
|
MARC
| LEADER | 00000cam a2200000 a 4500 | ||
|---|---|---|---|
| 001 | UCE5392 | ||
| 003 | CL-VaPUC | ||
| 005 | 20250103134025.0 | ||
| 008 | 141230e20130000mx |||||||||||||||||spa|d | ||
| 999 | |c 358122 |d 358120 | ||
| 020 | |a 9786077076896 | ||
| 040 | |c Pontificia Universidad Católica de Valparaíso | ||
| 082 | 0 | 4 | |a 004.5 JOY 2013 |2 21 |
| 100 | |a Joyanes Aguilar, Luis |e author |9 582884 | ||
| 245 | 1 | 0 | |a Big data: análisis de grandes volúmenes de datos en organizaciones |
| 250 | |a 1a. ed | ||
| 260 | |a Ciudad de México, México |b Alfaomega |c 2013 | ||
| 300 | |a 399 páginas | ||
| 490 | 0 | |a Tecnología | |
| 583 | |a last modification |c 20141230 16:04:00 |k Rodrigo Vera | ||
| 650 | 0 | |a Almacenamiento de datos |9 488735 | |
| 650 | 0 | |a Internet |9 254823 | |
| 650 | 0 | |a Servicios web |9 571811 | |
| 852 | |a BIBCUR | ||
| 942 | |c BK |2 ddc | ||
| 945 | |d 20141230 16:04:00 |a arojas | ||
| 952 | |0 0 |1 0 |3 erb |4 0 |6 004_500000000000000_JOY_2013 |7 0 |8 A |9 466560 |a BIBING |b BIBING |i 513157K |o 004.5 JOY 2013 |p 513157K |r 2024-01-25 |w 2019-11-23 |y BK |z Catalogado en:20141230 |k CCI | ||
| 952 | |0 0 |1 0 |3 erb |4 0 |6 004_500000000000000_JOY_2013 |7 0 |8 A |9 466564 |a BIBING |b BIBING |i 5240743 |o 004.5 JOY 2013 |p 5240743 |r 2024-01-25 |w 2019-11-23 |y BK |z Catalogado en:20151002 |k CCI | ||
| 952 | |0 0 |1 0 |3 erb |4 0 |6 004_500000000000000_JOY_2013 |7 0 |8 A |9 466567 |a BIBING |b BIBING |i 5240778 |o 004.5 JOY 2013 |p 5240778 |r 2024-01-25 |w 2019-11-23 |y BK |z Catalogado en:20151002 |k CCI | ||
| 952 | |0 0 |1 0 |3 erb |4 0 |6 004_500000000000000_JOY_2013 |7 0 |8 A |9 466568 |a BIBING |b BIBING |i 5240786 |o 004.5 JOY 2013 |p 5240786 |r 2024-01-25 |w 2019-11-23 |y BK |z Catalogado en:20151002 |k CCI | ||
| 952 | |0 0 |1 0 |3 erb |4 0 |6 004_500000000000000_JOY_2013 |7 0 |8 A |9 466570 |a BIBING |b BIBING |i 535448K |o 004.5 JOY 2013 |p 535448K |r 2024-01-25 |w 2019-11-23 |y BK |z Catalogado en:20161201 |k EIE | ||
| 952 | |0 0 |1 0 |3 erb |4 0 |6 004_500000000000000_JOY_2013 |7 0 |8 A |9 466571 |a BIBING |b BIBING |i 5354471 |o 004.5 JOY 2013 |p 5354471 |r 2024-01-25 |w 2019-11-23 |y BK |z Catalogado en:20161201 |k EIE | ||
| 952 | |0 0 |1 0 |3 erb |4 0 |6 004_500000000000000_JOY_2013 |7 0 |8 A |9 466573 |a BIBING |b BIBING |i 5354455 |o 004.5 JOY 2013 |p 5354455 |r 2024-01-25 |w 2019-11-23 |y BK |z Catalogado en:20161201 |k EIE | ||
| 952 | |0 0 |1 0 |3 erb |4 0 |6 004_500000000000000_JOY_2013 |7 0 |8 A |9 466574 |a BIBING |b BIBING |i 5354447 |o 004.5 JOY 2013 |p 5354447 |r 2024-01-25 |w 2019-11-23 |y BK |z Catalogado en:20161201 |k EIE | ||
| 952 | |0 0 |1 0 |3 erb |4 0 |6 004_500000000000000_JOY_2013 |7 0 |8 A |9 466575 |a BIBING |b BIBING |i 5361168 |o 004.5 JOY 2013 |p 5361168 |r 2024-01-25 |w 2019-11-23 |y BK |z Catalogado en:20170119 |k EIE | ||
| 952 | |0 0 |1 0 |2 ddc |4 0 |6 004_500000000000000_JOY_2013 |7 0 |8 A |9 577076 |a BIBING |b BIBING |d 2020-12-09 |e 82 |g 23125.00 |i 5579031 |o 004.5 JOY 2013 |p 5579031 |r 2024-01-25 |t 18 |v 23125.00 |w 2020-12-09 |y BK |k CCI | ||